000 01413nac a22003497a 4500
001 BR8400026
003 BR-BrBNA
005 20240105115920.0
008 230509b bl.|||m| |||| 00| 0 por d
040 _aBR-BrBNA
_bpor
_cBiblioteca Nacional de Agricultura
072 _aF27; F25; F00
090 _a0150 BR8400026
100 1 _aGianluppi, V.
100 1 _aCamargo, A.H.A.
100 1 _aSerrao, E.A. de S.
110 1 _aUnidade de Execucao de Pesquisa de Ambito Territorial de Boa Vista, RR (Brasil)
_910391
245 1 _aSistema de producao sequencial de arroz com forrageiras, em solos de cerrado de Roraima, 2: quicuio da Amazonia e guandu [Oryza sativa, Brachiaria humidicola, Cajanus cajan, Brasil]
246 1 _a[Sequential rice production system with forage plants, in "cerrado" soils of Roraima, 2: Amazon "quicuio" and "guandu" [Oryza sativa, Brachiaria humidicola, Cajanus cajan, Brazil]]
260 3 _aBoa Vista, RR (Brasil):
_c1983.
300 _a4 p.
490 _aPesquisa em Andamento - Unidade de Execucao de Pesquisa de Ambito Territorial de Boa Vista (Brazil)
_vno. 5
_xISSN 0101-8639
650 _aARROZ
650 _aCAPIM QUICUIO
650 _aGUANDU
650 _aCONSORCIACAO DE CULTURA
650 _aADUBACAO
650 _aPRATICA CULTURAL
650 _aRORAIMA
650 _aCERRADO
909 _a202312
_bLúcia Elande
_c55
_dLúcia Elande
942 _2AGRIS
_n0
_cMS
999 _c277061
_d277061